000 00967nam a2200301Ia 4500
003 OSt
005 20221006153422.0
006 a|||||r|||| 00| 0
007 ta
008 221006b |||||||| |||| 00| 0 eng d
020 _a1565911776
024 _a32,283
037 _bGift, Korean Embassy
_cTextual
040 _aEASL
_cEASL
_beng
041 _2eng
_aeng
082 _aV495.N9, P4
100 _aNOH Tae Don etc Au.
_9663836
245 0 _aKorean history
_b Discovery of its characteristics and developments
260 _aSeoul
_bHollym Korea
_c2004
300 _a684p.
_ccm.
490 _v KEL
_aAnthology of Korean studies, vol. 5
650 _a History-Liberalism
_9663837
650 _a KEL
650 _aGlobalization
700 _a KOREAN NATIONAL COMMISSION FOR UNESCO Ed.
942 _hV495.N9, P4
_cTEXL
_2CC
999 _c1100369
_d1100369